La enseñanza de la ortografía
Saved in:
| Main Authors: | , , , , |
|---|---|
| Format: | Bog |
| Sprog: | spansk |
| Udgivet: |
Barcelona, España
Graó
1990
|
| Udgivelse: | 1a. ed |
| Serier: | Didáctica de la Lengua y la Literatura, 199
|
| Fag: | |
| Tags: |
Tilføj Tag
Ingen Tags, Vær først til at tagge denne postø!
|
MARC
| LEADER | 00000cam a2200000 a 4500 | ||
|---|---|---|---|
| 001 | UCE9755 | ||
| 003 | CL-VaPUC | ||
| 005 | 20220423074503.0 | ||
| 008 | 151106e19900000sp |||||||||||||||||spa|d | ||
| 999 | |c 361400 |d 361398 | ||
| 020 | |a 9788478270361 | ||
| 040 | |c Pontificia Universidad Católica de Valparaíso | ||
| 082 | 0 | 4 | |a 372.623 CAM 1990 |2 21 |
| 100 | 0 | |a Camps Mundó, Anna |e author |9 582657 | |
| 245 | 1 | 3 | |a La enseñanza de la ortografía |
| 250 | |a 1a. ed | ||
| 260 | |a Barcelona, España |b Graó |c 1990 | ||
| 300 | |a 103 páginas | ||
| 490 | 0 | |a Didáctica de la Lengua y la Literatura, 199 | |
| 583 | |a last modification |c 20151106 14:16:00 |k Rodrigo Vera | ||
| 650 | 0 | |a Educación lingüística |9 306506 | |
| 650 | 0 | |a Psicolingüística |9 283371 | |
| 650 | 0 | |a Expresión escrita |9 334816 | |
| 650 | 0 | |a Enseñanza de la escritura |9 307377 | |
| 700 | 0 | |a Milian, Marta |e author |9 582658 | |
| 700 | 0 | |a Bigas, Montserrat |e author |9 582659 | |
| 700 | 0 | |a Camps, Montserrat |e author |9 582660 | |
| 700 | 0 | |a Cabré, Pilar |e author |9 582661 | |
| 942 | |c BK |2 ddc | ||
| 945 | |d 20151106 14:16:00 |a dcastane | ||
| 952 | |0 0 |1 0 |3 erb |4 0 |6 372_623000000000000_CAM_1990 |7 0 |8 A |9 471852 |a BIBEDU |b BIBEDU |c ES_NOD |i 524756K |o 372.623 CAM 1990 |p 524756K |r 2023-08-09 |w 2019-11-24 |y BK |z Catalogado en:20151106 |k EBA | ||
| 952 | |0 0 |1 0 |3 erb |4 0 |6 372_623000000000000_CAM_1990 |7 0 |8 A |9 471853 |a BIBEDU |b BIBEDU |c ES_NOD |d 2019-08-08 |e 11 |g 22000.00 |i 5557828 |o 372.623 CAM 1990 |p 5557828 |r 2023-08-09 |v 22000.00 |w 2019-11-24 |y BK |z Catalogado en:20190814 |k EBA | ||